00413nam a2200145Ia 4500008004100000041000900041082001800050100001800068245001700086260003600103300000800139650000800147999001700155952009500172230718s9999 xx 000 0 und d aEng. a343.06bDUG-M aDugal, Marcon 0ame Trusts Ac aPakistanbFeed sins fubinc2008 a212 aLaw c26365d26365 00104070aSIRC-LbSIRC-Ld2023-07-18l0o343.06 DUG-Mp21317r2023-07-18w2023-07-18yBK